[Simple histoire / (Record no. 155903)
[ view plain ]
| 000 -LEADER | |
|---|---|
| campo de control de longitud fija | 01243nam a2200289 i 4500 |
| 001 - NÚMERO DE CONTROL | |
| campo de control | 155903 |
| 003 - IDENTIFICADOR DE NÚMERO DE CONTROL | |
| campo de control | ES-MaACL |
| 005 - FECHA Y HORA DE LA ÚLTIMA TRANSACCIÓN | |
| campo de control | 20250802063117.0 |
| 008 - DATOS DE LONGITUD FIJA--INFORMACIÓN GENERAL | |
| campo de control de longitud fija | 040722s1849 fr a |||| | fre d |
| 040 ## - FUENTE DE CATALOGACIÓN | |
| Centro catalogador/agencia de origen | CAM |
| Lengua de catalogación | spa |
| Centro/agencia transcriptor | CAM |
| 100 1# - ENTRADA PRINCIPAL--NOMBRE DE PERSONA | |
| Nombre de persona | Inchbald, Elisabeth, |
| Fechas asociadas al nombre | 1753-1821 |
| 9 (RLIN) | 128176 |
| 245 11 - MENCIÓN DEL TÍTULO | |
| Título | [Simple histoire / |
| Mención de responsabilidad, etc. | par Mistriss Inchbald ; dessins par J.A. Beaucé ; gravures par A. Lavieille]. |
| 260 ## - PUBLICACIÓN, DISTRIBUCIÓN, ETC. | |
| Lugar de publicación, distribución, etc. | Paris : |
| Nombre del editor, distribuidor, etc. | Gustave Havard, |
| Fecha de publicación, distribución, etc. | [s.a.] ( |
| Fabricante | Imprimerie Schneider) |
| 300 ## - DESCRIPCIÓN FÍSICA | |
| Extensión | 48 p. : |
| Otras características físicas | il. ; |
| Dimensiones | 29 cm. |
| 490 1# - MENCIÓN DE SERIE | |
| Mención de serie | Romans, contes et nouvelles illustrés |
| 505 8# - NOTA DE CONTENIDO CON FORMATO | |
| Nota de contenido con formato | Contiene también: Un juste et deux coupables : nouvelle dialoguée en vers / par Célestin Rebourg : p. 41-48 |
| 594 ## - Nota al título y mención de responsabilidad | |
| Nota al título y mención de responsabilidad | Tít. y autor tomados de principio del texto. |
| 597 ## - NOTA DE DESCRIPCIÓN FÍSICA | |
| NOTA DE DESCRIPCIÓN FÍSICA | Texto a dos col. |
| 599 ## - NOTA A LAS ILUSTRACIONES | |
| NOTA A LAS ILUSTRACIONES | Il. xil. en cabecera de texto de la primera pág., enmarcando el nombre de la serie. |
| 599 ## - NOTA A LAS ILUSTRACIONES | |
| NOTA A LAS ILUSTRACIONES | Il. xil. intercaladas en el texto. |
| 700 0# - ENTRADA AGREGADA--NOMBRE PERSONAL | |
| Nombre de persona | Beaucé, Jean Adolphe. |
| 9 (RLIN) | 26804 |
| 700 1# - ENTRADA AGREGADA--NOMBRE PERSONAL | |
| Nombre de persona | Lavieille, A. |
| 9 (RLIN) | 128754 |
| 700 1# - ENTRADA AGREGADA--NOMBRE PERSONAL | |
| Nombre de persona | Rebourg, Célestine. |
| 9 (RLIN) | 152802 |
| 830 0# - PUNTO DE ACCESO ADICIONAL DE SERIE-TÍTULO UNIFORME | |
| Título uniforme | Romans, contes et nouvelles illustrés |
| 9 (RLIN) | 188019 |
| 852 ## - LOCALIZACIÓN | |
| Ubicación | ES-MaACL |
| Número de control de estantería | R-1716(12) |
| Nota libre | -- Enc. hol. |
| -- | -- Enc. en un vol. facticio |
| Estatus retirado | Estado de pérdida | Estado de daño | No para préstamo | Biblioteca de origen | Biblioteca actual | Ubicación en estantería | Fecha de adquisición | Total de préstamos | Signatura topográfica completa | Código de barras | Visto por última vez | Precio de reemplazo | Tipo de ítem Koha |
|---|---|---|---|---|---|---|---|---|---|---|---|---|---|
| Biblioteca del Ateneo de Madrid | Biblioteca del Ateneo de Madrid | Depósito | 17/01/2008 | R-1716(12) | 1163098 | 23/02/2023 | 23/02/2023 | Libro impreso |
